000 00292nam a2200109 a 4500
005 20201002044926.0
008 140403s1971 000 spa d
100 _aTurguiniev, Ivan S.
_971522
245 0 _aLluvias primaverales.
260 _aMadrid -- Libra,
_c1971 -- 179 p.
999 _c43189
_d43189
040 _aDO-SdBNP